[Event "Northern California International"]
[Site "?"]
[Date "2012.01.08"]
[Round "9"]
[White "Sevillano, Enrico"]
[Black "Rensch, Daniel"]
[Result "0-1"]
[WhiteElo "2490"]
[BlackElo "2401"]
[PlyCount "106"]
[EventDate "2012.01.06"]
[SourceDate "2012.01.05"]

1. e4 c5 2. c3 d6 3. d4 Nf6 4. Bd3 g6 5. dxc5 dxc5 6. Be3 Qc7 7. Nf3 Bg7 8. O-O
O-O 9. Qe2 b6 10. h3 Bb7 11. Nbd2 Nbd7 12. Rfe1 Nh5 13. Ba6 Bxa6 14. Qxa6 Rad8
15. Nc4 Nb8 16. Qb5 Nf4 17. a4 Nd3 18. Red1 Qc6 19. Rxd3 Rxd3 20. Nce5 Qxb5 21.
axb5 Rd6 22. Rxa7 Bxe5 23. Nxe5 Re6 24. Nc4 Re8 25. Ra8 Kg7 26. Kh2 Rf8 27. Ra7
Rd8 28. Bf4 Rxe4 29. Bc7 Rd1 30. Nxb6 Rd2 31. Bxb8 Rxf2 32. Ra1 Rxb2 33. c4
Ree2 34. Na4 Rxg2+ 35. Kh1 Rbc2 36. b6 f6 37. Rg1 Rxg1+ 38. Kxg1 Rxc4 39. b7
Rxa4 40. Bc7 Rb4 41. b8=Q Rxb8 42. Bxb8 Kf7 43. Ba7 c4 44. Kf2 e5 45. Be3 h5
46. h4 Ke6 47. Bd2 Kf5 48. Kf3 g5 49. hxg5 fxg5 50. Be1 h4 51. Ke3 Kg4 52. Bc3
h3 53. Bxe5 c3 0-1

[Event "Northern California International"]
[Site "?"]
[Date "2012.01.08"]
[Round "9"]
[White "Sevian, Samuel"]
[Black "Ishkhanov, Tigran"]
[Result "1/2-1/2"]
[WhiteElo "2185"]
[BlackElo "2350"]
[PlyCount "115"]
[EventDate "2012.01.06"]
[SourceDate "2012.01.05"]

1. e4 e6 2. d4 d5 3. Nc3 Bb4 4. e5 c5 5. Bd2 Nh6 6. Nb5 Bxd2+ 7. Qxd2 O-O 8. f4
a6 9. Nd6 cxd4 10. Nf3 f6 11. Nxc8 Qxc8 12. exf6 Rxf6 13. Nxd4 Nc6 14. Nf3 Qc7
15. g3 e5 16. O-O-O exf4 17. Qxd5+ Kh8 18. Bd3 fxg3 19. hxg3 Qxg3 20. Be4 Qf4+
21. Kb1 Rd8 22. Qc4 Rxd1+ 23. Rxd1 Ng4 24. Qc5 h6 25. Re1 Re6 26. Qd5 Re8 27.
Nh4 Nge5 28. Ng2 Qf7 29. Qc5 Nd7 30. Qc3 Qf6 31. Bd5 Rxe1+ 32. Qxe1 Nde5 33. a3
g5 34. Qe4 h5 35. Ne3 Qf4 36. b4 Qxe4 37. Bxe4 Kg7 38. c4 g4 39. b5 axb5 40.
cxb5 Na5 41. Kc2 Kf6 42. Kc3 Nf3 43. Bxf3 gxf3 44. Kd4 f2 45. Kd3 Ke5 46. Ke2
Kd4 47. Kxf2 Kc5 48. a4 Nc4 49. Nf5 Kb4 50. Ng7 h4 51. Nf5 Kxa4 52. Nxh4 Kxb5
53. Nf3 Kb4 54. Nd4 Na3 55. Ke3 Kc4 56. Ne6 b5 57. Nd4 b4 58. Nc6 1/2-1/2

[Event "Northern California International"]
[Site "?"]
[Date "2012.01.08"]
[Round "9"]
[White "Shankland, Sam"]
[Black "Friedel, Josh"]
[Result "1/2-1/2"]
[WhiteElo "2565"]
[BlackElo "2523"]
[PlyCount "54"]
[EventDate "2012.01.06"]
[SourceDate "2012.01.05"]

1. Nf3 Nf6 2. c4 e6 3. g3 d5 4. Bg2 dxc4 5. Qa4+ c6 6. Qxc4 b5 7. Qc2 Bb7 8.
O-O Nbd7 9. Nc3 Rc8 10. b3 Bd6 11. Bb2 O-O 12. Rac1 h6 13. Ne4 Nxe4 14. Qxe4
Qe7 15. Nd4 Nf6 16. Qd3 Bc5 17. Qc2 Nd7 18. Qb1 a6 19. Rc2 Qd6 20. e3 Bb6 21.
a4 Ba8 22. axb5 c5 23. Bxa8 Rxa8 24. Ne2 axb5 25. d4 Qd5 26. dxc5 Nxc5 27. Bd4
Nd7 1/2-1/2

[Event "Northern California International"]
[Site "?"]
[Date "2012.01.08"]
[Round "9"]
[White "Shivaji, Shivkumar"]
[Black "Vasudeva, Tanuj"]
[Result "1/2-1/2"]
[WhiteElo "2295"]
[BlackElo "2100"]
[PlyCount "49"]
[EventDate "2012.01.06"]
[SourceDate "2012.01.05"]

1. Nf3 g6 2. e4 Bg7 3. d4 d6 4. h3 Nf6 5. Nc3 O-O 6. Be3 Nbd7 7. e5 Ne8 8. e6
fxe6 9. Qd2 Ndf6 10. Bh6 Bd7 11. Bd3 c5 12. dxc5 dxc5 13. O-O-O Nd6 14. Ne5 Qc7
15. Bxg7 Kxg7 16. Ng4 Be8 17. Qh6+ Kg8 18. Rde1 c4 19. Be4 Rd8 20. Bf3 Nf5 21.
Qg5 Nd4 22. Re3 Kg7 23. Kb1 Rd6 24. Ne4 Rb6 25. Qh6+ 1/2-1/2

[Event "Northern California International"]
[Site "?"]
[Date "2012.01.08"]
[Round "9"]
[White "Viswanadha, Kesav"]
[Black "Evans, Bela"]
[Result "0-1"]
[WhiteElo "1987"]
[BlackElo "2262"]
[PlyCount "58"]
[EventDate "2012.01.06"]
[SourceDate "2012.01.05"]

1. e4 e6 2. d4 d5 3. Nc3 Be7 4. Nf3 Nf6 5. Bd3 c5 6. exd5 exd5 7. dxc5 O-O 8.
O-O Nbd7 9. Bg5 Nxc5 10. h3 h6 11. Bh4 g5 12. Bg3 Nfe4 13. Bxe4 dxe4 14. Ne5
Qxd1 15. Raxd1 Bf5 16. Nd5 Bd8 17. Ng4 Be6 18. Bd6 f5 19. Nxh6+ Kg7 20. Bxf8+
Kxf8 21. Ne3 f4 22. Nd5 Rc8 23. Nc3 Bf6 24. Nb5 Bxb2 25. Nd6 Rc6 26. Ndf5 Ke8
27. Ng7+ Bxg7 28. Ng4 Bc4 29. Rfe1 Bc3 0-1